Pump handbook /

Guardado en:
Otros Autores: Karassik, Igor J., 1911-, (Editor , ed.)
Formato: Libro
Idioma:English
Publicado: New York : McGraw-Hill, c2001.
Edición:3rd ed.
Materias:
Acceso en línea:Biografía del autor
Descripción
Etiquetas: Agregar Etiqueta
Sin Etiquetas, Sea el primero en etiquetar este registro!
LEADER 00949cam a22002415a 4500
001 EIQ.libpla002830
008 001207s2001####nyuao####bf###001#0#eng#d
005 20070830185138.0
245 0 0 |a Pump handbook /  |c edited by Igor J. Karassik ... [et al.] 
250 |a 3rd ed. 
260 |a New York :  |b McGraw-Hill,  |c c2001. 
300 |a 1 v. (en varias paginaciones) :  |b il., fotos ;  |c 24 cm. 
504 |a Incluye referencias bibliográficas e índice. 
020 |a 0070340323 
700 1 |a Karassik, Igor J.,  |d 1911-,  |e ed.  |4 edt 
082 0 0 |a 621.6/9  |2 21 
650 4 |a Bombas (Máquinas)  |x Handbooks, manuales, etc. 
650 0 |a Pumping machinery  |x Handbooks, manuals, etc. 
010 |a  00712414  
040 |a DLC  |c DLC  |d AR-BbSID 
856 4 2 |3 Biografía del autor  |u http://www.loc.gov/catdir/bios/mh041/00712414.html 
856 4 2 |3 Descripción  |u http://www.loc.gov/catdir/description/mh021/00712414.html 
859 |a AR-BbSID  |b BIB. PLAPIQUI  |h 660.281  |i P 969  |p 5602